| 000 | 00602nam a2200193 a 4500 | ||
|---|---|---|---|
| 001 | 000010922 | ||
| 005 | 20240412074221.0 | ||
| 008 | 091013t1979 dr 001 p spa d | ||
| 040 |
_aDO-SdBNP _bspa _cBNPHU |
||
| 082 |
_aRD861.44 _bP634y |
||
| 100 | 1 |
_aPijuán, Nivaldo Félix _926338 |
|
| 245 | 1 | 0 |
_aYaguas de mi bohío / _cNivaldo Félix Pijuán. |
| 260 |
_aSanto Domingo : _bTaller, _c1979. |
||
| 300 |
_a69 p. : _bil., retrs. ; _c21 cm. |
||
| 590 | _aInventariado, 2018/LP | ||
| 650 | 0 |
_aPoesía dominicana _966 |
|
| 650 | 0 |
_aLiteratura dominicana. _967 |
|
| 910 | _aValidado. Control de calidad EMS | ||
| 999 |
_c10660 _d10660 |
||